ბათუმის შოთა რუსთაველის სახელმწიფო უნივერსიტეტის ბიბლიოთეკა

ადრეული შუა საუკუნეების ქართული მონასტრები ისტორიულ ტაოში, კლარჯეთსა და შავშეთში (ბიბ.ჩანაწერი № 34912)

000 -LEADER
fixed length control field 01024nam a2200241Ia 4500
001 - CONTROL NUMBER
control field 739
003 - CONTROL NUMBER IDENTIFIER
control field GE_BSU
008 - FIXED-LENGTH DATA ELEMENTS--GENERAL INFORMATION
fixed length control field 181216s||||||||xx |||||||||||||| ||und||
020 ## - INTERNATIONAL STANDARD BOOK NUMBER
International Standard Book Number 9994061542
040 ## - CATALOGING SOURCE
Transcribing agency GE_BSU
080 ## - UNIVERSAL DECIMAL CLASSIFICATION NUMBER
Universal Decimal Classification number 7–0
100 ## - MAIN ENTRY--PERSONAL NAME
Personal name ჯობაძე, ვახტანგ
245 ## - TITLE STATEMENT
Title ადრეული შუა საუკუნეების ქართული მონასტრები ისტორიულ ტაოში, კლარჯეთსა და შავშეთში
245 ## - TITLE STATEMENT
Statement of responsibility, etc. რედ. მარიამ ლორთქიფანიძე
260 ## - PUBLICATION, DISTRIBUTION, ETC.
Place of publication, distribution, etc. თბილისი
260 ## - PUBLICATION, DISTRIBUTION, ETC.
Name of publisher, distributor, etc. თბილისის სახ. უნ–ტი
260 ## - PUBLICATION, DISTRIBUTION, ETC.
Date of publication, distribution, etc. 2006
300 ## - PHYSICAL DESCRIPTION
Extent 277 გვ.
653 ## - INDEX TERM--UNCONTROLLED
Uncontrolled term ქართული სამონასტრო არქიტექტურა
653 ## - INDEX TERM--UNCONTROLLED
Uncontrolled term ქართული ხუროთმოძღვრული ძეგლები თურქეთში;
942 ## - ADDED ENTRY ELEMENTS (KOHA)
Koha item type წიგნი
ეგზემპლარები
Withdrawn status Lost status Damaged status Not for loan Date acquired Barcode Date last seen Price effective from Koha item type
        2018-12-17 1525 2018-12-17 2018-12-17 წიგნი